Statistics for Top Scorers Ligue 1 2016-17

Click here to take the quiz!

General Stats

  • This quiz has been taken 51 times
  • The average score is 10 of 19

Answer Stats

#PlayerClubGoals% Correct
1Edinson CavaniParis SG35
100%
2Alexandre LacazetteLyon28
95%
3Radamel FalcaoMonaco21
93%
5Mario BalotelliNice15
84%
8Kylian MbappéMonaco14
81%
4Bafetimbi GomisMarseille20
79%
5Florian ThauvinMarseille15
70%
12LucasParis SG12
49%
12Emiliano SalaNantes12
47%
11Benjamin MoukandjoLorient13
42%
12Jimmy BriandGuingamp12
40%
15Martin BraithwaiteToulouse11
40%
15Alassane PleaNice11
37%
8Nicolas De PrévilleLille14
33%
5Ivan SantiniCaen15
30%
15Loïs DionyDijon11
30%
15Ryad BoudebouzMontpellier11
26%
8Steve MouniéMontpellier14
26%
19Enzo CrivelliBastia10
19%

Score Distribution

Percentile by Number Answered

Percent of People with Each Score

Your Score History

You have not taken this quiz